000 01094cab a22002415a 4500
001 L137273
008 070327s2007 xxk f 000 0 eng d
035 _a(Sirsi) u137273
041 0 _aeng
100 1 _aLloyd, Greg
245 0 4 _aThe planning question and Barker
260 _c2007
490 0 _aScottish Planning and Environmental Law
_v(119) February 2007, 6-8(3)
520 _aArgues that although HM Treasury?s primary responsibility is formulating and implementing the UK government?s financial and economic policy the pre-Budget report for 2006 asserted a number of new priorities for policy concern and action. States that this report put land use planning at centre stage of the Barker, Eddington and Stern reviews. Considers these reviews and their importance for land use planning.
590 _aKA
650 2 4 _aBARKER REVIEW OF LAND USE PLANNING
650 2 4 _aSTERN REVIEW ON THE ECONOMICS OF CLIMATE CHANGE
650 2 4 _aEDDINGTON TRANSPORT STUDY
651 4 _aScotland
_y1999-
690 _aPlanning and development
_96259
700 1 _aPeel, Deborah
942 _n0
999 _c78577
_d78577